000 00698nam a2200241 i 4500
001 C2-0282914
003 PPAK
005 20180728013147.0
008 071104s2004 caua|||| ||||| | eng d
020 _a1576070247
040 _aPPAK
_beng
_cPPAK
_erda
082 0 4 _a306.4830973
_223
090 0 0 _a306.4830973
_bDUN
_dRLCK
100 1 _aDuncan, Joyce D.,
_eauthor
245 1 0 _aSport in american culture
264 1 _aSanta Barbara :
_bABC Clio ,
_c2004
300 _axiv, 477 pages :
_billustrations ;
_c28 cm
336 _2rdacontent
_atext
337 _2rdamedia
_aunmediated
338 _2rdacarrier
_avolume
650 1 0 _aSports - Sociological aspects - United States.
942 _ddc
_cB
999 _c89121
_d89121